LDR 01168naa#a2200169#i#450# 001 RU\FGKOU VO SPBU MVD ROSSII\bibl\113535 005 20260428220214.2 011 ## _a2713-0622 100 ## _a20260428b2026####ek#y0rusy0150####ca 102 ## _aRU 200 1# _a«Лингвистический поворот» в системе правосудия: гуманизация языка в борьбе со стигматизацией и рецидивом (на примере США) _eЖурнальная статья 210 1# _aСанкт-Петербург _cСАНКТ-ПЕТЕРБУРГСКИЙ УНИВЕРСИТЕТ МИНИСТЕРСТВА ВНУТРЕННИХ ДЕЛ РОССИЙСКОЙ ФЕДЕРАЦИИ _d2026 215 ## _a19 с. 608 ## _aЖурнальная статья _2local 675 ## _aПредупреждение преступлений. Уголовная профилактика. Социальные меры предупреждения. Профилактика преступности несовершеннолетних. 343.85 _z 700 #1 _aХисматулина _gНаталья Владимировна 856 4# _arussianjournaldeviantbehavior.ru _u